00601cam a22002291 4500001001300000003000400013005001700017008004100034010001700075035002000092040001800112042001200130043001200142050001900154100003400173245003300207260001100240300001900251500001400270651007000284999001700354sa 68014846 DLC20260227112636.0901121s1967 ii 000 0 hino  asa 68014846  a(OCoLC)22725395 aDLCcWaUdDLC apremarc aa-ii---00aDS421.5b.P2971 aParasāī, Hariśaṅkara.10aSadācārakā tāvīza. c[1967] a138 p.c19 cm. aIn Hindi. 0aIndiaxSocial life and customsxAnecdotes, facetiae, satire, etc. c86060d86060